000 01063nam a2200277 i 4500
001 bg
100 1 _aBabbie, Earl R.
245 1 0 _aBadania społeczne w praktyce /
_cEarl Babbie ; przeł. Witold Betkiewicz [et al.] ; red. nauk. dokonała oraz przekł. przejrzała Agnieszka Kloskowska-Dudzińska.
246 _iTyt. oryg.:
_aThe practice of social research
260 _aWarszawa :
_bWydaw. Naukowe PWN,
_c2004.
300 _aXI, [1], 659, [1] s. :
_bil. ;
_c24 cm.
500 _aTyt. oryg.: "The practice of social research" 2001.
504 _aBibliogr. także przy rozdz. Indeksy.
650 9 _aNauki społeczne
_xmetodologia
655 _aPodręczniki akademickie
700 1 _aBetkiewicz, Witold.
_eTł.
700 1 _aKloskowska-Dudzińska, Agnieszka.
_eRed.
020 _a8301140682
040 _cBPK
041 1 _apol
_heng
080 _a303.4/.8(075.8)
920 _a83-01-14068-2
942 _cKS
008 s pl f |000 0 pol
999 _c44900
_d44900
856 _uhttp://koha.tu.koszalin.pl/cgi-bin/koha/opac-detail.pl?biblionumber=44900
_yKatalog online BPK